000 00674nam a22002292 4500
001 0000023727
005 20151217152247.0
008 130320s xx 000 0 eng d
020 _a9966003188 :
040 _aKABU
_cKABU
100 1 _aTuraki, Yusufu.
_@0000157887
245 1 4 _aThe trinity of sin /
_cYusufu Turaki.
250 _a1st ed.
260 _aNairobi, Kenya :
_bHippobooks,
_c2012.
300 _axiv, 194 p.
650 0 _aSin
_xchristianity.
_@0000183389
650 0 _aTheology
_zAfrica.
_@0000159544
650 0 _aJesus christ
_xcrucifixion.
_@0000183390
852 1 _9p990 KES
908 _a130320
950 _@1
999 _c9942
_d9942